[Event "HUN-chT2 Charousek 1819"]
[Site "Hungary"]
[Date "2018.10.07"]
[Round "2.10"]
[White "Balogh, Peter1111"]
[Black "Antal, Jozsef"]
[Result "1/2-1/2"]
[WhiteElo "2049"]
[BlackElo "1952"]
[PlyCount "50"]
[EventDate "2018.09.23"]
[EventType "team-tourn"]
[EventRounds "11"]
[EventCountry "HUN"]
[SourceTitle "CBM 189 Extra"]
[Source "ChessBase"]
[SourceDate "2019.06.03"]
[SourceVersion "1"]
[SourceVersionDate "2019.06.03"]
[SourceQuality "1"]
[WhiteTeam "Gyor Szechenyi"]
[BlackTeam "Balatonfuered"]
[WhiteTeamCountry "HUN"]
[BlackTeamCountry "HUN"]

1. e4 e5 2. Nf3 Nf6 3. Nc3 Nc6 4. Be2 Bb4 5. Nd5 Bc5 6. 0-0 d6 7. c3 Nxd5 8. exd5 Ne7 9. b4 Bb6 10. c4 e4 11. Ng5 Bd4 12. Rb1 Bf5 13. d3 exd3 14. Bxd3 Bf6 15. Bxf5 Nxf5 16. Re1+ Kf8 17. Qg4 Ne7 18. Ne4 Ng6 19. Nxf6 Qxf6 20. Bb2 Qf4 21. Qxf4 Nxf4 22. Re4 Ng6 23. Rbe1 f6 24. c5 Kf7 25. f4 Rhe8 1/2-1/2

[Event "HUN-chT2 Charousek 1718"]
[Site "Hungary"]
[Date "2018.03.04"]
[Round "7.10"]
[White "Antal, Jozsef"]
[Black "Hitter, Gabriela"]
[Result "0-1"]
[WhiteElo "1996"]
[BlackElo "2116"]
[PlyCount "79"]
[EventDate "2017.10.29"]
[EventType "team-tourn"]
[EventRounds "9"]
[EventCountry "HUN"]
[SourceTitle "EXT 2020"]
[Source "ChessBase"]
[SourceDate "2019.10.17"]
[SourceVersion "1"]
[SourceVersionDate "2019.10.17"]
[SourceQuality "1"]
[WhiteTeam "Balatonfuered"]
[BlackTeam "Szentgotthard Alsoszolnok"]
[WhiteTeamCountry "HUN"]
[BlackTeamCountry "HUN"]

1. e4 c5 2. Nc3 d6 3. d3 g6 4. g3 Bg7 5. Bg2 Nf6 6. f4 Nc6 7. Nf3 Qb6 8. Qe2 e6 9. 0-0 0-0 10. h3 Nh5 11. Kh2 Rd8 12. g4 Nxf4 13. Qf2 Nxg2 14. Kxg2 Rf8 15. g5 f5 16. gxf6 Rxf6 17. Qg3 Nd4 18. Nxd4 cxd4 19. Rxf6 Bxf6 20. Qf2 Bg7 21. Ne2 Bd7 22. Ng1 Rf8 23. Qe2 e5 24. b3 Qc6 25. Bg5 d5 26. Nf3 dxe4 27. dxe4 Qe6 28. Rh1 h6 29. Bd2 Bc6 30. Qd3 g5 31. Kg3 Qg6 32. Re1 a6 33. c4 Qh5 34. Rh1 Rxf3+ 35. Qxf3 Qh4+ 36. Kh2 Bxe4 37. Qf1 Bxh1 38. Qxh1 Qf2+ 39. Qg2 Qxg2+ 40. Kxg2 0-1

[Event "HUN-chT2 Asztalos 1617"]
[Site "Hungary"]
[Date "2016.11.13"]
[Round "4.9"]
[White "Koncsag, Sandor"]
[Black "Antal, Jozsef"]
[Result "1-0"]
[WhiteElo "1869"]
[BlackElo "1958"]
[PlyCount "59"]
[EventDate "2016.09.25"]
[EventType "team-tourn"]
[EventRounds "11"]
[EventCountry "HUN"]
[SourceTitle "EXT 2021"]
[Source "ChessBase"]
[SourceDate "2020.10.23"]
[SourceVersion "1"]
[SourceVersionDate "2020.10.23"]
[SourceQuality "1"]
[WhiteTeam "Komlo Banyasz II"]
[BlackTeam "Balatonfuered"]
[WhiteTeamCountry "HUN"]
[BlackTeamCountry "HUN"]

1. d4 d5 2. e3 Nf6 3. f4 c5 4. Nf3 Bg4 5. h3 Bxf3 6. Qxf3 Nc6 7. c3 c4 8. Nd2 b5 9. e4 dxe4 10. Nxe4 Nxe4 11. Qxe4 Rc8 12. Be2 e6 13. 0-0 Be7 14. f5 exf5 15. Qxf5 0-0 16. Qxb5 Na5 17. Bf4 Bf6 18. Bg4 Ra8 19. Rae1 Qb6 20. Qxb6 axb6 21. Re2 Ra7 22. Rfe1 h6 23. Bd6 Rd8 24. Re8+ Kh7 25. Rxd8 Bxd8 26. a3 Bg5 27. Rf1 Nb3 28. Bf4 Nd2 29. Rf2 Ne4 30. Bf5+ 1-0

[Event "Banska Stiavnica V4 op"]
[Site "Banska Stiavnica"]
[Date "2016.07.04"]
[Round "3"]
[White "Haring, Viktor"]
[Black "Antal, Jozsef"]
[Result "1/2-1/2"]
[WhiteElo "2289"]
[BlackElo "1949"]
[PlyCount "85"]
[EventDate "2016.07.02"]
[EventType "swiss"]
[EventRounds "9"]
[EventCountry "SVK"]
[SourceTitle "CBM 173 Extra"]
[Source "ChessBase"]
[SourceDate "2016.08.29"]
[SourceVersion "1"]
[SourceVersionDate "2016.08.29"]
[SourceQuality "1"]

1. e4 e5 2. Nf3 Nf6 3. Nxe5 d6 4. Nf3 Nxe4 5. d4 d5 6. Bd3 Be7 7. 0-0 Nc6 8. c3 0-0 9. Nbd2 Nxd2 10. Qxd2 Bg4 11. Ne5 Nxe5 12. dxe5 Bc5 13. Qc2 h6 14. Kh1 c6 15. f3 Bd7 16. f4 f6 17. b4 Bb6 18. exf6 Qxf6 19. Bb2 Bf5 20. Rad1 Bxd3 21. Rxd3 Qf5 22. c4 Rad8 23. c5 Bc7 24. Qc3 Rf7 25. Rg3 d4 26. Qb3 Qd5 27. Qxd5 Rxd5 28. Rd3 Rxf4 29. Rxf4 Bxf4 30. Rxd4 Rxd4 31. Bxd4 Bd2 32. a3 Kf7 33. Kg1 g6 34. Bb2 Ke6 35. Kf2 Kd5 36. Ke2 Bf4 37. g3 Be5 38. Bc1 h5 39. Kd3 a6 40. Bd2 Bd4 41. Bf4 Bg1 42. h3 Bd4 43. g4 1/2-1/2

[Event "HUN-chT2 Charousek 1516"]
[Site "Hungary"]
[Date "2016.02.14"]
[Round "5.10"]
[White "Macsik, Tamas"]
[Black "Antal, Jozsef"]
[Result "1-0"]
[WhiteElo "2273"]
[BlackElo "1947"]
[PlyCount "77"]
[EventDate "2015.10.18"]
[EventType "team-tourn"]
[EventRounds "9"]
[EventCountry "HUN"]
[SourceTitle "EXT 2017"]
[Source "ChessBase"]
[SourceDate "2016.10.25"]
[SourceVersion "1"]
[SourceVersionDate "2016.10.25"]
[SourceQuality "1"]
[WhiteTeam "Paks ASE II"]
[BlackTeam "Balatonfuered"]
[WhiteTeamCountry "HUN"]
[BlackTeamCountry "HUN"]

1. d4 d5 2. Nf3 Nf6 3. e3 e6 4. Bd3 b6 5. b3 Bb7 6. Bb2 Be7 7. Nbd2 0-0 8. Ne5 Nbd7 9. f4 Ne4 10. 0-0 Nxd2 11. Qxd2 f5 12. Nf3 Bf6 13. c4 g6 14. Rac1 c6 15. Rc2 Rc8 16. Ba3 Re8 17. Bd6 Be7 18. Bxe7 Qxe7 19. b4 a6 20. a4 Kg7 21. Rfc1 Kg8 22. Kf1 Red8 23. Qc3 Re8 24. Qb3 Red8 25. b5 axb5 26. axb5 c5 27. Ra1 Ra8 28. Rca2 Rxa2 29. Rxa2 Ra8 30. Rxa8+ Bxa8 31. Qa3 Qe8 32. Ng5 dxc4 33. Bxc4 Bd5 34. Qb3 Qa8 35. Nxe6 Bxg2+ 36. Kg1 Kh8 37. d5 Qa1+ 38. Kxg2 Nf6 39. Qa2 1-0

[Event "SVK-ch op"]
[Site "Banska Stiavnica"]
[Date "2015.07.11"]
[Round "8"]
[White "Antal, Jozsef"]
[Black "Zpevakova, Jana"]
[Result "1-0"]
[WhiteElo "1932"]
[BlackElo "2030"]
[PlyCount "153"]
[EventDate "2015.07.04"]
[EventType "swiss"]
[EventRounds "9"]
[EventCountry "SVK"]
[SourceTitle "CBM 167 Extra"]
[Source "ChessBase"]
[SourceDate "2015.09.14"]
[SourceVersion "1"]
[SourceVersionDate "2015.09.14"]
[SourceQuality "1"]

1. e4 e6 2. d4 d5 3. Nd2 c5 4. exd5 exd5 5. dxc5 Bxc5 6. Nb3 Bb6 7. Nf3 Ne7 8. Be2 0-0 9. 0-0 Bf5 10. c3 h6 11. Nfd4 Be4 12. Bf3 Nbc6 13. Re1 Bxf3 14. Nxf3 Ng6 15. Be3 Bc7 16. Qd2 Nce5 17. Nxe5 Nxe5 18. Rad1 Qh4 19. h3 Rad8 20. Qd4 Qh5 21. Bf4 Nc6 22. Qd2 Bxf4 23. Qxf4 Rde8 24. Qd2 Re6 25. Rxe6 fxe6 26. Nc5 Qf7 27. Re1 e5 28. Rd1 Rd8 29. Nb3 Ne7 30. Qe3 Nc6 31. Qd2 Rd6 32. Qd3 e4 33. Qe3 Rg6 34. Nd4 Ne5 35. Rf1 Qd7 36. Kh1 b6 37. Qe2 Nd3 38. Qd2 Qe7 39. f3 Rf6 40. Rd1 Qd6 41. Rf1 Qg3 42. Qe2 Nf4 43. Qf2 Qg5 44. Rg1 Qh5 45. Kh2 Nd3 46. Qd2 Ne5 47. f4 Nc4 48. Qc1 Qf7 49. g3 Nd6 50. b3 Nb7 51. Qd2 Nc5 52. Rg2 Nd3 53. f5 Qc7 54. Kg1 Ne5 55. Rf2 Kh7 56. Kg2 Nd3 57. Rf1 Rf7 58. g4 Qe7 59. Ne6 g5 60. Qe3 Qf6 61. Qd4 Qxd4 62. cxd4 Rf6 63. Rd1 Nf4+ 64. Nxf4 gxf4 65. Rc1 Rf7 66. Rc2 h5 67. Rc6 hxg4 68. hxg4 Rg7 69. Kh3 e3 70. Re6 Rc7 71. g5 Rc3 72. Kg4 Rd3 73. Re7+ Kg8 74. Kxf4 Rxd4+ 75. Kxe3 Rg4 76. g6 Rg1 77. Rd7 1-0

[Event "SVK-ch op"]
[Site "Banska Stiavnica"]
[Date "2015.07.10"]
[Round "7"]
[White "Zatko, Gregor"]
[Black "Antal, Jozsef"]
[Result "1-0"]
[WhiteElo "2151"]
[BlackElo "1932"]
[PlyCount "79"]
[EventDate "2015.07.04"]
[EventType "swiss"]
[EventRounds "9"]
[EventCountry "SVK"]
[SourceTitle "CBM 167 Extra"]
[Source "ChessBase"]
[SourceDate "2015.09.14"]
[SourceVersion "1"]
[SourceVersionDate "2015.09.14"]
[SourceQuality "1"]

1. d4 d5 2. Bf4 e6 3. e3 Bd6 4. Bg3 Nd7 5. Nf3 Qe7 6. c4 dxc4 7. Bxc4 e5 8. 0-0 e4 9. Bxd6 cxd6 10. Nfd2 Ngf6 11. Nc3 Nb6 12. f3 Nxc4 13. Nxc4 0-0 14. fxe4 Nxe4 15. Qf3 Nxc3 16. bxc3 Be6 17. d5 Bd7 18. Nd2 b5 19. Rae1 Qe5 20. e4 Rac8 21. Re3 Rc7 22. Qd1 f6 23. Qb3 Rfc8 24. Nf3 Qe8 25. Nd4 Rc4 26. Rff3 b4 27. Nc6 Rxe4 28. cxb4 Bxc6 29. dxc6+ Kh8 30. b5 Qe5 31. Rxe4 Qxe4 32. Qd3 Qe1+ 33. Rf1 Qb4 34. Rb1 Qc5+ 35. Kh1 Re8 36. h3 Re3 37. Qd2 Re8 38. a4 d5 39. Rc1 Qd6 40. Qd4 1-0

[Event "SVK-ch op"]
[Site "Banska Stiavnica"]
[Date "2015.07.04"]
[Round "1"]
[White "Nagy, Gabor"]
[Black "Antal, Jozsef"]
[Result "1-0"]
[WhiteElo "2377"]
[BlackElo "1932"]
[PlyCount "47"]
[EventDate "2015.07.04"]
[EventType "swiss"]
[EventRounds "9"]
[EventCountry "SVK"]
[SourceTitle "CBM 167 Extra"]
[Source "ChessBase"]
[SourceDate "2015.09.14"]
[SourceVersion "1"]
[SourceVersionDate "2015.09.14"]
[SourceQuality "1"]

1. e4 e5 2. Nf3 Nf6 3. Nc3 Nc6 4. Be2 d5 5. exd5 Nxd5 6. 0-0 Nxc3 7. bxc3 Bd6 8. d4 0-0 9. Rb1 e4 10. Ng5 h6 11. Nxe4 Bxh2+ 12. Kxh2 Qh4+ 13. Kg1 Qxe4 14. Bf3 Qg6 15. Bf4 Bf5 16. Rxb7 Bxc2 17. Qd2 Rfc8 18. d5 Na5 19. Rxc7 Be4 20. Bxe4 Qxe4 21. Re1 Qg6 22. Rxc8+ Rxc8 23. d6 Rd8 24. Qd5 1-0

[Event "HUN-chT2 Charousek 1213"]
[Site "Hungary"]
[Date "2013.03.24"]
[Round "9"]
[White "Antal, Jozsef"]
[Black "Pais, Nimrod"]
[Result "1/2-1/2"]
[WhiteElo "1978"]
[BlackElo "2026"]
[PlyCount "22"]
[EventDate "2012.09.16"]
[EventType "team-tourn"]
[EventRounds "11"]
[EventCountry "HUN"]
[SourceTitle "EXT 2014"]
[Source "ChessBase"]
[SourceDate "2013.11.20"]
[SourceVersion "1"]
[SourceVersionDate "2013.11.20"]
[SourceQuality "1"]
[WhiteTeam "Balatonfuered"]
[BlackTeam "Fehervar"]
[WhiteTeamCountry "HUN"]
[BlackTeamCountry "HUN"]

1. e4 e6 2. d4 d5 3. Nd2 c5 4. exd5 Qxd5 5. Ngf3 cxd4 6. Bc4 Qh5 7. Qe2 Nc6 8. Nb3 Bb4+ 9. Bd2 Bxd2+ 10. Nbxd2 Nf6 11. Nb3 0-0 1/2-1/2

[Event "HUN-chT2 Charousek 1213"]
[Site "Hungary"]
[Date "2013.03.03"]
[Round "8"]
[White "Antal, Jozsef"]
[Black "Nagy, Kristof"]
[Result "1/2-1/2"]
[WhiteElo "1978"]
[BlackElo "2058"]
[PlyCount "74"]
[EventDate "2012.09.16"]
[EventType "team-tourn"]
[EventRounds "11"]
[EventCountry "HUN"]
[SourceTitle "EXT 2014"]
[Source "ChessBase"]
[SourceDate "2013.11.20"]
[SourceVersion "1"]
[SourceVersionDate "2013.11.20"]
[SourceQuality "1"]
[WhiteTeam "Balatonfuered"]
[BlackTeam "Csuti"]
[WhiteTeamCountry "HUN"]
[BlackTeamCountry "HUN"]

1. e4 c5 2. Nc3 Nc6 3. d3 e6 4. g3 g6 5. Bg2 Bg7 6. f4 Nge7 7. Nf3 d5 8. e5 0-0 9. 0-0 a6 10. Kh1 b5 11. a3 Bb7 12. d4 cxd4 13. Ne2 Qd7 14. Nexd4 Nxd4 15. Nxd4 Rfc8 16. Be3 a5 17. Qd2 Nc6 18. Nxc6 Qxc6 19. c3 Qc4 20. Bd4 Ba6 21. Rfc1 Bf8 22. Bf1 Qc6 23. Bg2 Bb7 24. h3 Qc4 25. Bf1 Qc6 26. Bg2 Qd7 27. Kh2 Bc6 28. Kh1 Qb7 29. Kh2 b4 30. axb4 axb4 31. Qe1 bxc3 32. bxc3 Bb5 33. Rxa8 Qxa8 34. Ra1 Qc6 35. Ra5 Ra8 36. Qa1 Rxa5 37. Qxa5 Bd3 1/2-1/2

[Event "HUN-chT2 Breyer 0708"]
[Site "Hungary"]
[Date "2008.03.30"]
[Round "9"]
[White "Gyomber, Tamas"]
[Black "Antal, Jozsef"]
[Result "1/2-1/2"]
[WhiteElo "1989"]
[BlackElo "2055"]
[PlyCount "38"]
[EventDate "2007.10.14"]
[EventType "team"]
[EventRounds "11"]
[EventCountry "HUN"]
[SourceTitle "EXT 2009"]
[Source "ChessBase"]
[SourceDate "2008.11.26"]
[SourceVersion "1"]
[SourceVersionDate "2008.11.26"]
[SourceQuality "1"]
[WhiteTeam "Vertesi Eromu"]
[BlackTeam "Balatonfuered"]
[WhiteTeamCountry "HUN"]
[BlackTeamCountry "HUN"]

1. d4 d5 2. Nf3 e6 3. g3 Nf6 4. Bg2 Bd6 5. c4 c6 6. Qc2 Nbd7 7. 0-0 0-0 8. Nbd2 Re8 9. e4 dxe4 10. Nxe4 Nxe4 11. Qxe4 e5 12. Re1 Nf6 13. Qh4 exd4 14. Rxe8+ Qxe8 15. Qxd4 Bc7 16. Bg5 Bd7 17. Re1 Qf8 18. Bf4 Bb6 19. Qd6 Be6 1/2-1/2

[Event "HUN-chT2 Breyer 0607"]
[Site "Hungary"]
[Date "2007.04.29"]
[Round "9"]
[White "Antal, Jozsef"]
[Black "Gal, Lajos"]
[Result "1-0"]
[WhiteElo "2087"]
[BlackElo "2140"]
[PlyCount "53"]
[EventDate "2006.11.12"]
[EventType "team"]
[EventRounds "11"]
[EventCountry "HUN"]
[SourceTitle "EXT 2008"]
[Source "ChessBase"]
[SourceDate "2007.11.25"]
[SourceVersion "1"]
[SourceVersionDate "2007.11.25"]
[SourceQuality "1"]
[WhiteTeam "Balatonfuered"]
[BlackTeam "Esztergom"]
[WhiteTeamCountry "HUN"]
[BlackTeamCountry "HUN"]

1. e4 e5 2. Nc3 Nf6 3. Bc4 Bb4 4. d3 d5 5. exd5 Nxd5 6. Bd2 Be6 7. Nxd5 Bxd2+ 8. Qxd2 Bxd5 9. Bxd5 Qxd5 10. Nf3 Nc6 11. 0-0 0-0-0 12. Qc3 f6 13. a4 g5 14. b4 g4 15. Nd2 Nd4 16. Rfe1 f5 17. Nc4 Rhe8 18. b5 Kb8 19. Rab1 f4 20. a5 f3 21. b6 cxb6 22. axb6 a6 23. Ne3 Qe6 24. Qc7+ Ka8 25. Ra1 Nb5 26. Rxa6+ bxa6 27. b7+ 1-0